Sunday Stumper #2 - Statistics

General Stats
  • This quiz has been taken 1,383 times
  • The average score is 14 of 24
Answer Stats
Hint Answer % Correct
Explo Explore
89%
Explo Explode
87%
Ext Extra
76%
Nati Nation
75%
Depr Deprive
69%
Depr Depress
67%
Obli Oblige
67%
Chal Chalk
66%
Surp Surplus
65%
Debr Debris
64%
Nati Native
64%
Explo Exploit
62%
Ada Adapt
60%
Inno Innovate
58%
Glit Glitz
57%
Inno Innocent
54%
Emp Empty
53%
Disa Disarm
49%
Depr Deprave
46%
Ext Extol
39%
Ada Adage
34%
Surp Surpass
31%
Nep Nephew
13%
Anni Annihilate
12%
No matching quizzes found
Score Distribution
Percent of People with Each Score
Percentile by Number Answered
Your Score History
You have not taken this quiz